[Event "ITT"]
[Site "Vicente Lopez ARG"]
[Date "2007.08.01"]
[Round "8"]
[White "Della Morte,P"]
[Black "Iermito,S"]
[Result "1/2-1/2"]
[WhiteElo "2283"]
[BlackElo "2319"]

1.e4 g6 2.d4 d6 3.Nc3 Bg7 4.Be3 c6 5.f4 d5 6.e5 h5 7.Nf3 Nh6 8.Be2 Bg4 9.Qd2 Bxf3
10.Bxf3 e6 11.Bf2 Nd7 12.g3 Nf5 13.h3 Bf8 14.g4 Nh4 15.Be2 hxg4 16.O-O-O g3
17.Bxg3 b5 18.Bd3 Rb8 19.Kb1 Bb4 20.Bxh4 Rxh4 21.Rhg1 Nb6 22.f5 gxf5 23.Rg8+ Bf8
24.Nxb5 cxb5 25.Bxb5+ Nd7 26.Qb4 Rxb5 27.Qxb5 Qb6 28.Qa4 Rxh3 29.Rdg1 Kd8
30.R8g3 Rxg3 31.Rxg3 Qb4  1/2-1/2

[Event "12th Open"]
[Site "Creon FRA"]
[Date "2007.08.02"]
[Round "5"]
[White "Gabard,A"]
[Black "Ippolito,M"]
[Result "0-1"]
[WhiteElo "2024"]
[BlackElo "2280"]

1.e4 g6 2.d4 Bg7 3.Nc3 d6 4.Bc4 Nf6 5.Qe2 c6 6.e5 dxe5 7.dxe5 Nd5 8.Bxd5 cxd5
9.Qb5+ Nc6 10.Qxd5 Be6 11.Qb5 a6 12.Qa4 O-O 13.Nf3 Nxe5 14.Nxe5 Bxe5 15.Bd2 Qc7
16.f4 Bg7 17.O-O Bc4 18.Rfe1 Rfd8 19.Be3 b5 20.Qa3 e5 21.Bc5 a5 22.b4 axb4
23.Qxb4 exf4 24.Nxb5 Bxb5 25.Re7 Qxc5+ 26.Qxc5 Bd4+  0-1

[Event "Open"]
[Site "Olomouc CZE"]
[Date "2007.08.02"]
[Round "1"]
[White "Kalyaeva,E"]
[Black "Johansson,Ja SWE"]
[Result "0-1"]
[WhiteElo "1897"]
[BlackElo "2441"]

1.e4 g6 2.Nc3 Bg7 3.d4 d6 4.Bc4 a6 5.Nf3 e6 6.O-O Ne7 7.Bg5 h6 8.Be3 Nd7
9.a4 b6 10.Nd2 Bb7 11.f3 O-O 12.Ne2 d5 13.Bd3 c5 14.c3 e5 15.g4 cxd4 16.cxd4 exd4
17.Bxd4 Nc5 18.Bxg7 Kxg7 19.Bc2 Nc6 20.Qe1 Nb4 21.Bb1 Qg5 22.Nc4 dxc4 23.Qxb4 Qe3+
24.Rf2 Qb3 25.Qc3+ Qxc3 26.bxc3 b5 27.axb5 axb5 28.Rxa8 Rxa8 29.Nd4 Ra1 30.Rf1 Ba6
31.Nc2 Ra5 32.Nb4 Bb7 33.Rd1 Ra3 34.Na2 Na4 35.Rc1 Kf6 36.Kf2 Ke5 37.Ke3 g5
38.Kd2 Ba6 39.Nb4 Bb7 40.Na2 Kf4 41.Rf1 Bc8 42.Kc2 Be6 43.Kd2 b4 44.Nxb4 Nxc3
45.Bc2 Nb5 46.Bb1 Nd4 47.Nd5+ Bxd5 48.exd5 Nxf3+ 49.Kd1 Ke5 50.Ke2 Nd4+ 51.Kd2 Rh3
52.Rxf7 c3+ 53.Kc1 Rxh2 54.Rc7 Rh1+  0-1

[Event "Liepajas Rokade Super"]
[Site "Liepaja LAT"]
[Date "2007.08.03"]
[Round "4"]
[White "Sveshnikov,E"]
[Black "Luckans,A"]
[Result "1/2-1/2"]
[WhiteElo "2504"]
[BlackElo "2469"]

1.e4 d6 2.d4 g6 3.Nc3 Bg7 4.Be3 a6 5.Qd2 b5 6.f3 c6 7.O-O-O h5 8.Kb1 Nd7
9.Nh3 Nb6 10.b3 Bxh3 11.gxh3 d5 12.Rg1 e6 13.Bd3 Ne7 14.Ne2 a5 15.Bg5 Qd6
16.c3  1/2-1/2

[Event "Open"]
[Site "Olomouc CZE"]
[Date "2007.08.03"]
[Round "2"]
[White "Ruzicka,M"]
[Black "Jurcik,Mari"]
[Result "0-1"]
[WhiteElo "2073"]
[BlackElo "2367"]

1.d4 d6 2.e4 g6 3.Nc3 Bg7 4.Be3 Nd7 5.Qd2 a6 6.a4 b6 7.Bc4 Bb7 8.Nge2 e6
9.h4 Ngf6 10.f3 d5 11.Bd3 c5 12.e5 Ng8 13.Bg5 Qc7 14.h5 c4 15.hxg6 hxg6 16.Rxh8 Bxh8
17.Bxg6 fxg6 18.O-O-O Nf8 19.Rh1 Bg7 20.Nf4 Bc6 21.g4 b5 22.Nce2 bxa4 23.c3 a3  0-1

[Event "US Open"]
[Site "Cherry Hill USA"]
[Date "2007.08.04"]
[Round "8"]
[White "Henry,R"]
[Black "Zlotnikov,M"]
[Result "1/2-1/2"]
[WhiteElo "2161"]
[BlackElo "2367"]

1.e4 g6 2.d4 Bg7 3.Nc3 d6 4.Nf3 Nf6 5.Be3 c6 6.Qd2 Qa5 7.h3 O-O 8.Bd3 Nbd7
9.Bh6 c5 10.Bxg7 Kxg7 11.d5 a6 12.O-O b5 13.a4 b4 14.Nd1 c4 15.Bxc4 Nxe4
16.Qd4+ Nef6 17.Re1 Re8 18.Ne3 Qc5 19.Qh4 h6 20.Bb3 Ne5 21.Nxe5 dxe5 22.Qg3 e4
23.Rad1 Rd8 24.Qe5 Ra7 25.Nf1 Qd6 26.Qxd6 exd6 27.Ng3 Re8 28.a5 Rae7 29.Rd4 Bb7
30.Rxb4 h5 31.h4 e3 32.Rxe3 Rxe3 33.fxe3 Bxd5 34.e4 Bxb3 35.Rxb3 Re5 36.Rb6 Rxa5
37.Rxd6 Ng4 38.Rd1 Ra2 39.Rb1 Ne3 40.Ne2 Nxc2 41.Nc3 Ra5 42.Kf2 Kf6 43.Rd1 Ke6
44.Rd8 Rc5 45.Ra8 Rc6 46.Re8+ Kd7 47.Rb8 Rd6 48.Nd5 f5 49.Rb7+ Kd8  1/2-1/2

[Event "Open"]
[Site "Dubna RUS"]
[Date "2007.08.04"]
[Round "1"]
[White "Makarov,Al"]
[Black "Lashkov,V"]
[Result "1-0"]
[WhiteElo "2254"]
[BlackElo "1996"]

1.e4 g6 2.d4 Bg7 3.Nc3 d6 4.Nf3 Bg4 5.Bc4 Qc8 6.h3 Bd7 7.Be3 a6 8.a4 Nc6
9.Qd2 h6 10.a5 Nd8 11.e5 e6 12.exd6 cxd6 13.Ne4 Bf8 14.Bb3 d5 15.Nc3 Nc6
16.O-O Bd6 17.Rfe1 Bc7 18.Bf4 Nce7 19.Ne5 g5 20.Bg3 Bc6 21.Qe2 Kf8 22.Ba4 Bd8
23.Ra3 h5 24.Nf3 Nf5 25.Be5 f6 26.Nxg5 fxe5 27.Qxe5 Bf6 28.Nxe6+ Kf7 29.Qxf5 Ne7
30.Ng5+ Kg7 31.Rxe7+ Bxe7 32.Qf7+ Kh6 33.Qxe7 Rf8 34.Nf7+ Kg6 35.Ne2 Rxf7
36.Rg3+ Kh6 37.Qg5+ Kh7 38.Qxh5+  1-0

[Event "FSIMA August"]
[Site "Budapest HUN"]
[Date "2007.08.06"]
[Round "1"]
[White "Radnai,A"]
[Black "Pitl,G"]
[Result "1/2-1/2"]
[WhiteElo "2252"]
[BlackElo "2387"]

1.e4 g6 2.d4 Bg7 3.Nc3 d6 4.g3 a6 5.Bg2 e6 6.Be3 Nd7 7.Qd2 h6 8.a4 b6 9.Nge2 Bb7
10.O-O Ne7 11.Rad1 Qc8 12.Rfe1  1/2-1/2

[Event "Open"]
[Site "Kavala GRE"]
[Date "2007.08.06"]
[Round "3"]
[White "Dembo,Y"]
[Black "De Marchi,O"]
[Result "1-0"]
[WhiteElo "2464"]
[BlackElo "2221"]

1.e4 g6 2.d4 Bg7 3.Nc3 d6 4.Be3 a6 5.Qd2 Nd7 6.h4 h5 7.Nh3 b5 8.Ng5 Bb7 9.a4 b4
10.Bc4 Nh6 11.Ne2 Rb8 12.Bxf7+ Nxf7 13.Ne6 Qc8 14.Nxg7+ Kf8 15.Ne6+ Kg8 16.d5 Nf6
17.N2f4 Ne5 18.Bd4 Nxe4 19.Qe2 Nf6 20.Bxe5 dxe5 21.Nxg6 Rh7 22.Qxe5 Bxd5
23.Nef4 Qg4 24.Qg5 Be4 25.Ne5+ Qxg5 26.hxg5 Ng4 27.Nd7 Rd8 28.O-O-O Kh8 29.Nc5 Rxd1+
30.Rxd1 Bf5 31.Nce6  1-0

[Event "FIDE Cup"]
[Site "Olomouc CZE"]
[Date "2007.08.06"]
[Round "7"]
[White "Sonter,M"]
[Black "Cagasik,T"]
[Result "1-0"]
[WhiteElo "2183"]
[BlackElo "2238"]

1.e4 g6 2.d4 Bg7 3.Nc3 d6 4.Be3 Nf6 5.Qd2 Ng4 6.O-O-O Nxe3 7.Qxe3 c6 8.f4 Qa5
9.Kb1 b5 10.e5 d5 11.Bd3 b4 12.Nce2 e6 13.Nf3 Nd7 14.g4 c5 15.dxc5 Nxc5 16.Ned4 Bd7
17.Rc1 Bf8 18.f5 Qb6 19.h4 Na4 20.Ka1 Bc5 21.Rcd1 O-O-O 22.h5 gxf5 23.gxf5 h6
24.f6 Rdg8 25.Rhg1 Rxg1 26.Rxg1 Bxd4 27.Qxd4 Nc5 28.Rg7 Be8 29.Kb1 a5 30.c3 bxc3
31.Qxc3 Kb8 32.Bc2 Qb5 33.a3 Rf8 34.Nd4 Qb6 35.b4 Nd7 36.Nc6+ Ka8 37.Nxa5 Nb8
38.Qc8 Ka7 39.Ba4 Bxa4 40.Qxf8 Nd7 41.Qd6 Qb5 42.Qc7+ Ka6 43.Qc8+ Ka7 44.Qc7+ Ka6
45.Qd6+ Ka7 46.Nc6+ Ka6 47.Nd4+ Qb6 48.Rxf7 Qxd6 49.exd6 e5 50.Rxd7  1-0

[Event "Arctic Chess Challenge"]
[Site "Tromso NOR"]
[Date "2007.08.06"]
[Round "3"]
[White "Toma,K"]
[Black "Burmakin,V"]
[Result "1/2-1/2"]
[WhiteElo "2275"]
[BlackElo "2581"]

1.e4 d6 2.d4 g6 3.Nc3 Bg7 4.Bc4 c6 5.Qf3 e6 6.Nge2 Nf6 7.Bb3 e5 8.O-O O-O
9.Bg5 h6 10.Bh4 Na6 11.Rad1 Qe7 12.h3 Nc7 13.Qd3 g5 14.Bg3 Nh5 15.dxe5 dxe5
16.Qd6 Qxd6 17.Rxd6 Ne6 18.Nd1 Nhf4 19.Nc1 Re8 20.c3 Bf8 21.Rd2 Nc5 22.Bc2 a5
23.Ne3 Be6 24.f3 b5 25.Bf2 b4 26.Ng4 Bxg4 27.hxg4 bxc3 28.bxc3 a4 29.Be3 Reb8
30.g3 Nfe6 31.Nd3 Nxd3 32.Bxd3 Bc5 33.Kf2 Ra5 34.Rc1 Bxe3+ 35.Kxe3 Rc5 36.Rdc2 a3
37.Rh1 Kg7 38.Rhc1 Nc7 39.Kd2 Ne8 40.Ke3 Nd6 41.Kd2 Ra5 42.Ke3 Ra7 43.Rd1 Rb2
44.Rxb2 axb2 45.Rb1 Rxa2 46.Kd2 Kg6 47.Kc2 h5 48.gxh5+ Kxh5 49.Rxb2 Rxb2+
50.Kxb2 g4 51.Be2 gxf3 52.Bxf3+ Kg5 53.Kc2 f5 54.exf5 e4 55.Bg2 Kxf5 56.Bh3+ Ke5
57.Kd2 Nc4+ 58.Ke2 Nb6 59.Bg2 Nd5 60.Kd2 c5 61.Bf1 Ne7 62.Bh3 Nd5 63.Bf1  1/2-1/2

[Event "Petrovskaya Ladya IM1"]
[Site "Peterhof RUS"]
[Date "2007.08.07"]
[Round "3"]
[White "Romcovici,V"]
[Black "Bocharov,L"]
[Result "1-0"]
[WhiteElo "2232"]
[BlackElo "2229"]

1.d4 g6 2.e4 Bg7 3.Nc3 d6 4.f4 Nf6 5.Be2 O-O 6.g4 c5 7.g5 Nfd7 8.d5 a6 9.a4 Qc7
10.h4 c4 11.Be3 e6 12.Qd2 Re8 13.h5 b6 14.dxe6 fxe6 15.hxg6 hxg6 16.Bd4 e5
17.Nd5 Qc6 18.Bc3 Nc5 19.Bxc4 Be6 20.Qe2 Ra7 21.Nf3 Nbd7 22.Rd1 Kf8 23.Nh4 exf4
24.Nxg6+ Kf7 25.Qh5 Qxa4 26.Nge7+  1-0

[Event "Scandinavian Chess Tournament"]
[Site "Taby SWE"]
[Date "2007.08.07"]
[Round "5"]
[White "Marder,S"]
[Black "Dlugosz,J"]
[Result "0-1"]
[WhiteElo "2026"]
[BlackElo "2316"]

1.Nc3 g6 2.d4 Bg7 3.e4 d6 4.Be3 a6 5.Qd2 b5 6.h4 Nf6 7.f3 h5 8.Nh3 Bxh3 9.Rxh3 Nbd7
10.O-O-O c6 11.Kb1 Qc7 12.Qf2 b4 13.Na4 a5 14.Rg3 O-O 15.Rg5 Nh7 16.g4 Nxg5
17.hxg5 hxg4 18.f4 c5 19.dxc5 Qc6 20.b3 Nxc5 21.Nxc5 dxc5 22.e5 Rfd8 23.Rc1 Rac8
24.Be2 a4 25.Bxg4 axb3 26.cxb3 Qe4+ 27.Rc2 e6 28.Bf3 Qf5 29.Qg2 Qd3 30.Bc1 c4
31.Be2 Qxc2+ 32.Kxc2 cxb3+ 33.Kb2 Rc2+ 34.Kxb3 Rxc1 35.Qe4 Bf8 36.Bc4 Rc3+
37.Ka4 Rb8 38.Bb3 Rc7 39.Bxe6 b3 40.Qxg6+ Bg7 41.Bxf7+ Rxf7  0-1

[Event "94th ch-GBR"]
[Site "Great Yarmouth ENG"]
[Date "2007.08.08"]
[Round "9"]
[White "Anderson,J"]
[Black "Spence,D"]
[Result "1-0"]
[WhiteElo "2207"]
[BlackElo "2183"]

1.e4 g6 2.Nc3 Bg7 3.d4 d6 4.Bg5 h6 5.Bh4 Nc6 6.d5 Nb8 7.Qd2 c6 8.O-O-O Qa5
9.Kb1 Bxc3 10.Qxc3 Qxc3 11.bxc3 cxd5 12.exd5 g5 13.Bg3 Nf6 14.Bd3 Nbd7 15.c4 Nb6
16.Re1 Kd8 17.Nf3 Bd7 18.Nd2 Rc8 19.h4 Rg8 20.hxg5 hxg5 21.f3 Na4 22.Bf2 e6
23.Rh6 Ne8 24.Ne4 exd5 25.cxd5 Nc3+ 26.Nxc3 Rxc3 27.Bxa7 Kc7  1-0

[Event "Valoz Cup GMA"]
[Site "Olomouc CZE"]
[Date "2007.08.08"]
[Round "10"]
[White "Malinovsky,K"]
[Black "Bernasek,J"]
[Result "1/2-1/2"]
[WhiteElo "2334"]
[BlackElo "2517"]

1.e4 g6 2.d4 Bg7 3.Nc3 d6 4.f4 c6 5.Nf3 b5 6.Bd3 Bg4 7.e5 f5 8.h3 Bxf3 9.Qxf3 d5
10.g4 e6 11.Be3 Ne7 12.Bf2 Nd7 13.Bh4 Qa5 14.O-O Rf8 15.a3 Qb6 16.Bf2 a5
17.a4 b4 18.Ne2 Bh6 19.g5 Bg7 20.Nc1 h6 21.h4 Rh8 22.Nb3 Kf7 23.Kg2 Rh7 24.Rh1 Rah8
25.Rag1 Qa7 26.Be3 hxg5 27.hxg5 Nc8 28.Rxh7 Rxh7 29.Nc1 Bf8 30.b3 c5 31.Bb5 cxd4
32.Bxd7 Qxd7 33.Bxd4 Ne7 34.Rh1 Rxh1 35.Kxh1 Nc6 36.Ne2 Qc8 37.Kg2 Nb8 38.Qd3 Nd7
39.Kf1 Be7 40.Qh3 Nf8 41.Qd3 Nd7 42.Qh3 Kg8 43.Qd3 Kf7 44.Qh3  1/2-1/2

[Event "Scandinavian Chess Tournament"]
[Site "Taby SWE"]
[Date "2007.08.08"]
[Round "7"]
[White "Algars,O"]
[Black "Dlugosz,J"]
[Result "0-1"]
[WhiteElo "2094"]
[BlackElo "2316"]

1.e4 g6 2.d4 Bg7 3.Nc3 d6 4.f4 Nc6 5.Be3 d5 6.e5 a6 7.Nf3 h5 8.g3 Nh6 9.h3 Bf5
10.a3 Qd7 11.Qe2 Be4 12.O-O-O Bf5 13.Bg2 Na5 14.Nd2 Be6 15.b4 Nc6 16.Nb3 b6
17.Qf3 Rd8 18.Bf2 Na7 19.Bf1 Nb5 20.Kb2 O-O 21.Qe2 Nxc3 22.Kxc3 Bf5 23.Kb2 Ra8
24.Bg2 a5 25.bxa5 Rfb8 26.Ka2 e6 27.Be1 Bf8 28.Bc3 Qa4 29.Bb2 c5 30.Qd2 c4
31.Na1 Rxa5 32.Nb3 Bxa3  0-1

[Event "HZ Open"]
[Site "Vlissingen NED"]
[Date "2007.08.08"]
[Round "6"]
[White "Zaragatski,I"]
[Black "Piasetski,L"]
[Result "1/2-1/2"]
[WhiteElo "2480"]
[BlackElo "2307"]

1.e4 d6 2.d4 g6 3.Nc3 Bg7 4.Nf3 Nf6 5.Be2 O-O 6.O-O e6 7.h3 Nc6 8.Be3 Ne7
9.Qd2 b6 10.Bg5 Bb7 11.Qf4 Nxe4 12.Nxe4 f6 13.Bh4 Nf5 14.Bd3 g5 15.Nfxg5 fxg5
16.Bxg5 Qe8 17.Ng3 Qc6 18.Be4 Nxg3 19.Bxc6 Ne2+ 20.Kh2 Nxf4 21.Bxb7 Rab8
22.Bc6 Bxd4 23.c3 Be5 24.g3 Nd3 25.f4 Bg7 26.Rab1 h6 27.Bh4 Nc5 28.Rbe1 Bf6
29.Bxf6 Rxf6 30.b4 Nb7 31.Rxe6 Rxe6 32.Bd5 Re8 33.f5 Nd8 34.fxe6 c6 35.e7+ cxd5
36.exd8=Q Rxd8 37.Rd1 Rc8 38.g4 Rxc3 39.Rxd5 Ra3 40.Rxd6 Rxa2+ 41.Kg3 Kg7
42.b5 Ra5 43.Rd5 a6 44.Rd7+ Kg6 45.Rd6+ Kg7 46.Rxb6 Rxb5 47.Rxa6 Rb4 48.Re6 Ra4
49.h4 Ra7 50.Kf4 Rf7+ 51.Ke5 Ra7 52.h5 Ra5+ 53.Kf4 Ra4+ 54.Kf5 Ra5+ 55.Re5 Ra7
56.Rd5 Rf7+ 57.Ke4 Re7+ 58.Re5 Ra7 59.Re6 Ra4+ 60.Kf5 Ra5+ 61.Re5 Ra1 62.Rd5  1/2-1/2

[Event "Open"]
[Site "Callao PER"]
[Date "2007.08.09"]
[Round "2"]
[White "Tempone,M"]
[Black "Ledesma,O"]
[Result "1-0"]
[WhiteElo "2416"]
[BlackElo "2197"]

1.d4 g6 2.e4 Bg7 3.Nc3 d6 4.g3 Nf6 5.Bg2 c6 6.Nge2 Qc7 7.O-O O-O 8.a4 e5
9.h3 a5 10.Be3 Na6 11.Qd2 Re8 12.Rad1 Be6 13.b3 Nb4 14.f4 exd4 15.Bxd4 Rad8
16.f5 gxf5 17.exf5 Bd5 18.Nxd5 cxd5 19.Nc3 Re5 20.g4 h6 21.Rf2 Kh7 22.Bf3 Bh8
23.Rg2 Rg8 24.Kh1 Ree8 25.Qf4 Nc6 26.Bxf6 Bxf6 27.Nxd5 Qd8 28.Nxf6+ Qxf6
29.Rxd6 Qh4 30.Bxc6 Qxh3+ 31.Kg1 bxc6 32.Qg3 Qxg3 33.Rxg3 Re5 34.Rxc6 Rxf5
35.gxf5 Rxg3+ 36.Kh2 Rf3 37.Rc5 h5 38.Rxa5 Rf2+ 39.Kg3 Rxc2 40.Ra6 Rc3+ 41.Kh4 Rxb3
42.Kxh5 Rg3 43.Rb6 Rg1 44.a5 Ra1 45.a6 Kg7 46.f6+ Kh7 47.Kg5 Ra5+ 48.Kf4 Kg6
49.Ke4 Kg5 50.Kd4 Kf5 51.Rc6 Kg6 52.Kc4 Ra1 53.Kc5  1-0

[Event "Open"]
[Site "Callao PER"]
[Date "2007.08.09"]
[Round "2"]
[White "Zuniga Terrazas,J"]
[Black "Celis Sanchez,C"]
[Result "0-1"]
[WhiteElo "1990"]
[BlackElo "2244"]

1.e4 g6 2.d4 Bg7 3.Nc3 d6 4.Be2 a6 5.h4 Nc6 6.Be3 e5 7.d5 Nd4 8.h5 c5 9.dxc6 bxc6
10.hxg6 hxg6 11.Rxh8 Bxh8 12.Bc4 Rb8 13.Bb3 Ne7 14.Nge2 c5 15.Qd2 Be6 16.O-O-O Bxb3
17.axb3 Qa5 18.Kb1 Kd7 19.Na4 Qxd2 20.Rxd2 f5 21.exf5 gxf5 22.g3 Bf6 23.c3 Nxe2
24.Rxe2 Kc6 25.Kc2 Rh8 26.c4 Rh2 27.Nc3 e4 28.Rd2 Bd4 29.Bxd4 cxd4 30.Rxd4 Rxf2+
31.Rd2 Rf3 32.Rg2 d5 33.cxd5+ Nxd5 34.Nxd5 Kxd5 35.g4 f4  0-1

[Event "94th ch-GBR"]
[Site "Great Yarmouth ENG"]
[Date "2007.08.09"]
[Round "10"]
[White "White,Mi"]
[Black "Buckley,G"]
[Result "0-1"]
[WhiteElo "2246"]
[BlackElo "2379"]

1.e4 g6 2.d4 Bg7 3.Nc3 d6 4.f4 Nf6 5.e5 dxe5 6.dxe5 Qxd1+ 7.Kxd1 Ng4 8.Ke1 O-O
9.Nd5 Nc6 10.h3 Nh6 11.g4 b6 12.Nxc7 Rb8 13.Nd5 Bb7 14.Rh2 Rbd8 15.Bc4 Na5
16.Nxe7+ Kh8 17.Bb5 a6 18.Bf1 f6 19.Be3 fxe5 20.Bxb6 Rde8 21.f5 Bf6 22.Bxa5 Bxe7
23.fxg6 hxg6 24.Bb6 e4 25.Rd1 Bh4+ 26.Bf2 Rxf2 27.Rxf2 e3 28.Bd3 exf2+ 29.Kd2 Re1  0-1

[Event "HZ Open"]
[Site "Vlissingen NED"]
[Date "2007.08.09"]
[Round "7"]
[White "Doggers,P"]
[Black "D'Costa,L"]
[Result "1/2-1/2"]
[WhiteElo "2233"]
[BlackElo "2384"]

1.e4 g6 2.d4 Bg7 3.Nc3 d6 4.Be3 a6 5.Qd2 Nd7 6.f4 e6 7.Nf3 Ne7 8.O-O-O Nf6
9.Kb1 b5 10.e5 Nfd5 11.Nxd5 Nxd5 12.Bf2 Bb7 13.Bd3 Qd7 14.Ng5 b4 15.h4 h6
16.Ne4 h5 17.Rhe1 Bf8 18.c4 bxc3 19.bxc3 Qa4 20.Ka1 dxe5 21.Rb1 Bc6 22.fxe5 Be7
23.c4 Nb4 24.Nd6+ Bxd6 25.exd6 Nxd3 26.Qxd3 O-O 27.dxc7 Qa5 28.Bg3 Rac8 29.Rxe6 Rxc7
30.Bxc7 Qxc7 31.Ree1 Bxg2 32.d5 Qf4 33.Rb2 Qxh4 34.Rg1 Be4 35.Qd4 Re8 36.d6 Qd8
37.Re2 Bc6 38.Rxe8+ Qxe8 39.Rd1 Bd7 40.c5 Qe2 41.Rd2 Qe1+ 42.Rd1 Qe2 43.Rc1 Be6
44.Qb2 Qd3 45.Qc3  1/2-1/2

[Event "Open"]
[Site "Callao PER"]
[Date "2007.08.10"]
[Round "3"]
[White "Salazar,C"]
[Black "Sanchez,V"]
[Result "1/2-1/2"]
[WhiteElo "2215"]
[BlackElo "2232"]

1.d4 g6 2.e4 d6 3.Nc3 Bg7 4.Be3 a6 5.Qd2 b5 6.f3 Nd7 7.h4 h5 8.Nh3 c6 9.Be2 Ngf6
10.Ng5 Qc7 11.Nd1 Bb7 12.Nf2 c5 13.c3 O-O 14.O-O Nb6 15.b3  1/2-1/2

[Event "Tsiolkovsky Mem"]
[Site "Kaluga RUS"]
[Date "2007.08.10"]
[Round "7"]
[White "Dmitriev,Ig"]
[Black "Burlov,V"]
[Result "1/2-1/2"]
[WhiteElo "2310"]
[BlackElo "2399"]

1.d4 g6 2.e4 Bg7 3.Nc3 d6 4.Be3 Nf6 5.Be2 a6 6.f4 h5 7.h3 h4 8.Bf3 c6 9.Nge2 d5
10.e5 Nh5 11.a4 a5 12.Qd2 e6 13.Bf2 Bf8 14.Nd1 b6 15.O-O Ba6 16.Re1 Be7 17.b3 Ra7
18.Rc1 Ba3 19.Rb1 b5 20.Ra1 Bb4 21.c3 Be7 22.Nb2 Nd7 23.axb5 cxb5 24.Ra2 Ng7
25.Rea1 Bb7 26.Nd3 Nb6 27.Nc5 Bc6 28.Qe1 a4 29.Nc1 Rc7 30.bxa4 Nxa4 31.Bd1 Bxc5
32.dxc5 Nf5 33.Ne2 Bd7 34.Bxa4 bxa4 35.Nd4 Qa8 36.Rb1 Nxd4 37.Bxd4 Bc6 38.Rb6 Kd7
39.Ra3 Qa5 40.Kh2 Rh5 41.Bf2 Rb7 42.Qb1 Rxb6 43.cxb6 Kc8 44.Qc1 Kb7 45.Bd4 Qb5
46.Ra1 Rf5 47.Ra2 Qb3 48.Ra3 Qc4 49.Ra1 Bb5 50.Qa3 Qc6 51.Qe7+ Qd7 52.Qxh4 Bc4
53.Rxa4 Ba6 54.Ra5 Rh5 55.Qe1 Rh8 56.Qa1 Ra8 57.Qa3 Qd8 58.Qa4 Qe7 59.Rc5 Kb8
60.Rc7 Qd8 61.Qc6  1/2-1/2

[Event "XVIII Kochan Mem"]
[Site "Koszalin POL"]
[Date "2007.08.10"]
[Round "6"]
[White "Lapinski,K"]
[Black "Tofil,B"]
[Result "1-0"]
[WhiteElo "2175"]
[BlackElo "2148"]

1.e4 g6 2.d4 Bg7 3.Nc3 d6 4.f4 a6 5.Nf3 b5 6.Bd3 Bb7 7.a4 b4 8.Nb1 c5 9.dxc5 dxc5
10.Nbd2 Nd7 11.O-O Ngf6 12.Qe2 O-O 13.a5 e5 14.Nc4 Nh5 15.fxe5 Nxe5 16.Nfxe5 Bxe5
17.Nxe5 Qd4+ 18.Qf2 Qxe5 19.Bh6 Ng7 20.Qf6 Qxf6 21.Rxf6 Rfe8 22.Raf1 Bxe4
23.Bc4 Nf5 24.Bxf7+ Kh8 25.Bxe8 Rxe8 26.Rf8+ Rxf8 27.Bxf8 Bxc2 28.Bxc5 b3
29.g4 Nh6 30.h3 Kg8 31.Rf8+ Kg7 32.Ra8 Nf7 33.Rxa6 Ng5 34.Ra7+ Kg8 35.Be3 Nf3+
36.Kf2 Ne5 37.Bd4 Nd3+ 38.Ke3 Nb4 39.Rg7+ Kf8 40.Rxh7 Nd5+ 41.Kf2  1-0

[Event "ch-AUT"]
[Site "Tweng AUT"]
[Date "2007.08.10"]
[Round "7"]
[White "Kuba,G"]
[Black "Alvir,A"]
[Result "1/2-1/2"]
[WhiteElo "2413"]
[BlackElo "2375"]

1.e4 g6 2.d4 Bg7 3.Nc3 d6 4.Be3 a6 5.Bd3 Nd7 6.Nce2 c5 7.c3 cxd4 8.cxd4 Ngf6
9.h3 e5 10.Nf3 O-O 11.O-O Qe7 12.Qc2 b6 13.b4 Bb7 14.Ng3 Rac8 15.Qe2 d5 16.Bxa6 Bxa6
17.Qxa6 dxe4 18.Nxe5 Nxe5 19.dxe5 Nd5 20.Rae1 Qxe5 21.a4 f5 22.Ne2 Qb2 23.Rb1 Qa2
24.Bd4 Bxd4 25.Nxd4 Nc3 26.Ra1 Qd5 27.Nb5 Ne2+ 28.Kh1 Nf4 29.Rad1 Qe6 30.Rd6 Qe7
31.Qxb6 Qg5 32.g3 Nxh3 33.Qd4 Qh5 34.Qd5+ Rf7 35.Rd8+ Rxd8 36.Qxd8+ Kg7 37.Qd4+ Rf6
38.Qd7+ Rf7 39.Qd4+ Kh6 40.Kg2 Nf4+ 41.gxf4 Qg4+  1/2-1/2

[Event "Open"]
[Site "Callao PER"]
[Date "2007.08.12"]
[Round "6"]
[White "Felgaer,R"]
[Black "Terry,R"]
[Result "1-0"]
[WhiteElo "2559"]
[BlackElo "2203"]

1.e4 g6 2.d4 Bg7 3.Nc3 d6 4.f4 c6 5.Nf3 d5 6.e5 h5 7.h3 Nh6 8.Be3 Nf5 9.Bf2 h4
10.Bd3 e6 11.O-O Bf8 12.Ne2 Be7 13.b3 Na6 14.c4 Nb4 15.Bb1 b5 16.a3 Na6 17.cxb5 cxb5
18.Bd3 Bd7 19.Qd2 Nb8 20.Nc1 a5 21.Qe2 Qb6 22.Rd1 Ra7 23.Qe1 Qd8 24.Bf1 b4
25.Nd3 Nc6 26.Nc5 bxa3 27.Rdc1 Qb6 28.Rxa3 Nb4 29.Qd2 Bb5 30.Na4 Qa6 31.Bxb5+ Qxb5
32.Rc8+ Bd8 33.Qc3 O-O 34.Qc5 Qa6 35.Qc3 Be7 36.Rxf8+ Kxf8 37.Nc5 Qe2 38.Ra1 Kg7
39.Ne1 Kh7 40.Ncd3 Nxd3 41.Qxd3 Qxd3 42.Nxd3 Rb7 43.Rb1 a4 44.b4 a3 45.b5 a2
46.Ra1 Rxb5 47.Rxa2 Rb1+ 48.Kh2 Rd1 49.Ne1 Ng3 50.Rb2 Kg7 51.Kg1 Nf5 52.Rb7 Bd8
53.Kh2 Nxd4 54.Rd7 Nc6 55.Nf3 Rf1 56.Be1 Ba5 57.Bxh4 Bb4 58.Bf6+ Kg8 59.Rc7 Rc1
60.Rc8+ Bf8 61.Nd4 Nxd4 62.Rxc1 Bg7 63.Rc8+ Kh7 64.Rc7 Kg8 65.Kg3 Nf5+ 66.Kf3 Nd4+
67.Kf2 Nb5 68.Rb7 Nc3 69.Ke3 Ne4 70.Be7 g5 71.Bxg5 Bxe5 72.fxe5 Nxg5 73.Kf4 Ne4
74.Rb4 Nc5 75.Rd4 Kg7 76.Ke3 Nd7 77.Rg4+ Kh6 78.Kf4 Nc5 79.Rh4+ Kg6 80.Rg4+ Kh6
81.Rg3 Nd7 82.Rf3 Kh5 83.g3 Nb8 84.Rc3 Kg6 85.g4 Nd7 86.Rc7 Nb6 87.h4 Na4
88.h5+ Kg7 89.Kg3  1-0

[Event "Open"]
[Site "Callao PER"]
[Date "2007.08.12"]
[Round "6"]
[White "Luque,W"]
[Black "Celis Sanchez,C"]
[Result "1/2-1/2"]
[WhiteElo "2077"]
[BlackElo "2244"]

1.e4 g6 2.d4 Bg7 3.Nc3 d6 4.Be3 a6 5.h3 b5 6.Bd3 Bb7 7.Nf3 Nf6 8.a3 Nbd7
9.O-O O-O 10.Re1 e5 11.dxe5 Nxe5 12.Nxe5 dxe5 13.Bc5 Re8 14.a4 Nd7 15.Ba3 c6
16.Qf3 Nf8 17.Qe3 Ne6 18.Ne2 Qc7 19.c4 Bf6 20.axb5 Bg5 21.Qg3 axb5 22.cxb5 Red8
23.Bc4 Bd2 24.Red1 cxb5 25.Bxe6 fxe6 26.Qb3 Qc4 27.Qxc4 bxc4 28.Be7 Rxa1
29.Rxa1 Rd7 30.Bf6 Bxe4 31.Bxe5 Kf7 32.Nc3 Bd5 33.Nb5 Bb4 34.Ra4 Bc5 35.Na3 Ra7
36.Rxa7+ Bxa7 37.h4 Ke8 38.Kf1 Kd7 39.f3 Kc6 40.Ke2 Bc5 41.Kd2 Be7 42.Kc3 Bxh4
43.Nxc4 Be1+ 44.Kd4 Bf2+ 45.Kc3 Kb5 46.Nd6+ Ka4 47.Ne8 Be1+ 48.Kd4 Kb3 49.Nf6 Bf2+
50.Kd3 Bc4+ 51.Ke4 h5 52.Kf4 h4 53.Kg5 Bf1 54.Kxg6 Bxg2 55.Kf7 Bxf3 56.Kxe6 Bg3
57.Bd4 h3 58.Bg1 Kxb2 59.Nh7 Bf2 60.Bh2 Be3 61.Kf5 Kc2 62.Ng5  1/2-1/2

[Event "XVIII Kochan Mem"]
[Site "Koszalin POL"]
[Date "2007.08.12"]
[Round "8"]
[White "Krzyzanowski,M"]
[Black "Panocki,A"]
[Result "0-1"]
[WhiteElo "2206"]
[BlackElo "2273"]

1.e4 g6 2.d4 Bg7 3.Nc3 d6 4.f4 Nc6 5.d5 Nd4 6.Nb1 c6 7.c3 Nb5 8.Nf3 Nc7 9.dxc6 bxc6
10.Bc4 Nf6 11.e5 Nfd5 12.O-O O-O 13.h3 f6 14.Nd4 Bb7 15.exd6 Qxd6 16.f5 e6
17.fxe6 c5 18.Bf4 Nxf4 19.e7+ Rf7 20.Bxf7+ Kxf7 21.Nf3 Qxd1 22.Rxd1 Re8 23.Rd7 Rxe7
24.Rxe7+ Kxe7 25.Nbd2 Nd3 26.Rb1 f5 27.b4 Bxc3 28.bxc5 Nxc5 29.Rc1 Bxd2 30.Nxd2 N7e6
31.Nc4 Bd5 32.Ne3 Be4 33.Nc4 a6 34.Ne3 f4 35.Nc4 g5 36.Rc3 Bd5 37.a3 Nd4
38.Kh2 Ne4 39.Rd3 Bxc4 40.Rxd4 Nd6 41.Kg1 Ke6 42.Rd1 h5 43.Rd4 Ke5 44.Rd1 g4
45.Re1+ Ne4 46.Rc1 Be2 47.hxg4 hxg4 48.Rc8 f3 49.gxf3 gxf3 50.Rf8 Kd4 51.a4 Ke3
52.a5 f2+ 53.Kg2 f1=Q+ 54.Rxf1 Bxf1+ 55.Kxf1 Kd2  0-1

[Event "Romanian Open"]
[Site "Predeal ROM"]
[Date "2007.08.12"]
[Round "2"]
[White "Ulibin,M"]
[Black "Petrescu,G"]
[Result "1-0"]
[WhiteElo "2514"]
[BlackElo "2271"]

1.e4 d6 2.d4 g6 3.Nc3 Bg7 4.Bg5 c5 5.dxc5 Qa5 6.Qd2 Qxc5 7.Nd5 Bd7 8.Be3 Qc8
9.Bd4 f6 10.O-O-O Nc6 11.Bc3 Nh6 12.f4 Nf7 13.Nf3 Rb8 14.Kb1 b5 15.b3 a6
16.h3 O-O 17.g4 b4 18.Bb2 Nfd8 19.f5 e6 20.Nf4 exf5 21.gxf5 gxf5 22.Rg1 Be8
23.Bc4+ Kh8 24.Qxd6 Nf7 25.Qxf6  1-0

[Event "12th WY U16 Ol"]
[Site "Singapore SIN"]
[Date "2007.08.12"]
[Round "10"]
[White "Ton That Nhu Tung"]
[Black "Ly,M"]
[Result "1/2-1/2"]
[WhiteElo "2247"]
[BlackElo "2295"]

1.d4 d6 2.e4 g6 3.Nc3 Bg7 4.Be2 e6 5.Nf3 Ne7 6.Be3 a6 7.a4 b6 8.Qd2 h6 9.O-O Bb7
10.Rad1 Nd7 11.Rfe1 Nf6 12.Bd3 d5 13.Bf4 dxe4 14.Nxe4 Nxe4 15.Bxe4 Bxe4 16.Rxe4 Nf5
17.Be5 O-O 18.Bxg7 Kxg7 19.c3 Qd7 20.Qc2 Rad8 21.Rde1 Rc8 22.Ne5 Qd5 23.Qe2 a5
24.Nd3  1/2-1/2

[Event "17th Chess Festival"]
[Site "Abu Dhabi UAE"]
[Date "2007.08.13"]
[Round "2"]
[White "Safarli,E"]
[Black "Koneru,H"]
[Result "1/2-1/2"]
[WhiteElo "2471"]
[BlackElo "2572"]

1.e4 g6 2.d4 Bg7 3.Nc3 d6 4.f4 a6 5.Nf3 Nd7 6.e5 Nh6 7.Bd3 c5 8.e6 fxe6 9.Ng5 Nf6
10.dxc5 Nf5 11.cxd6 exd6 12.O-O O-O 13.Kh1 d5 14.Bxf5 gxf5 15.Be3 Ne4 16.Nf3 Bd7
17.a4 Be8 18.Bd4 Bh6 19.Be5 Bh5 20.Qd3 Bxf3 21.gxf3 Nxc3 22.Bxc3 Kf7 23.Rg1 Qe7
24.Qd4 Rg8 25.Rae1 Rg6 26.Rxg6 hxg6 27.Bb4 Qc7 28.Bc3 Qe7 29.Bb4 Qc7 30.Bc3  1/2-1/2

[Event "Open"]
[Site "Callao PER"]
[Date "2007.08.13"]
[Round "8"]
[White "Hungaski,R"]
[Black "Terry,R"]
[Result "1-0"]
[WhiteElo "2399"]
[BlackElo "2203"]

1.e4 d6 2.d4 g6 3.Nc3 Bg7 4.f4 c6 5.Nf3 d5 6.e5 h5 7.Be3 Nh6 8.Qd2 Bg4 9.Nh4 Nf5
10.Nxf5 Bxf5 11.O-O-O b5 12.Bd3 Bxd3 13.Qxd3 e6 14.g3 Nd7 15.Kb1 Qa5 16.h3 O-O-O
17.g4 Rdg8 18.f5 gxf5 19.gxf5 Bf8 20.Rhg1 Qd8 21.a4 a6 22.Ne2 Rxg1 23.Rxg1 Bh6
24.Bxh6 Rxh6 25.axb5 cxb5 26.fxe6 fxe6 27.Qa3 Qb6 28.Rg8+  1-0